| 000 | 00642nam a2200241Ia 4500 | ||
|---|---|---|---|
| 003 | OSt | ||
| 005 | 20140318092227.0 | ||
| 008 | 140130s9999 xx 000 0 und d | ||
| 016 | _29780590403603 | ||
| 050 |
_aTD 487 _b.C64 1986 |
||
| 100 | _aCole, Joanna. | ||
| 245 |
_cJoanna Cole. _aMagic School bus : _bAt the Waterworks / |
||
| 260 |
_bScholastic Inc., _cc1986. _aUSA : |
||
| 300 |
_a39 p. : _bcol. ill. ; _c23 cm. |
||
| 440 | _v1 | ||
| 521 | _aG4 | ||
| 526 | _c660 | ||
| 650 |
_aWaterworks _xJuvenile literature. |
||
| 650 |
_aHydrology _xJuvenile literature. |
||
| 650 | _aWaterworks. | ||
| 942 |
_cBK _2lcc |
||
| 999 |
_c40903 _d40903 |
||